Penrhiwceiber Eco Terrace : achieving housing for the 21st century and the UK's 2050 carbon reduction target. (Record no. 115176)

MARC details
000 -LEADER
fixed length control field 01620cam a22002655a 4500
001 - CONTROL NUMBER
control field L158158
008 - FIXED-LENGTH DATA ELEMENTS--GENERAL INFORMATION
fixed length control field 100208s2014 xxko f 000 0 eng d
020 ## - INTERNATIONAL STANDARD BOOK NUMBER
International Standard Book Number 9781848063815
035 ## - SYSTEM CONTROL NUMBER
System control number (Sirsi) u158158
041 0# - LANGUAGE CODE
Language code of text/sound track or separate title eng
050 04 - LIBRARY OF CONGRESS CALL NUMBER
Classification number 690.24 $2 18
100 1# - MAIN ENTRY--PERSONAL NAME
Personal name King, Colin
245 00 - TITLE STATEMENT
Title Penrhiwceiber Eco Terrace : achieving housing for the 21st century and the UK's 2050 carbon reduction target.
260 ## - PUBLICATION, DISTRIBUTION, ETC.
Place of publication, distribution, etc. Watford
Name of publisher, distributor, etc. BRE
Date of publication, distribution, etc. 2014
300 ## - PHYSICAL DESCRIPTION
Extent 8p.
Other physical details ill.
Dimensions 30cm.
490 #0 - SERIES STATEMENT
Series statement BRE Information Paper
Volume/sequential designation (5/14)
520 ## - SUMMARY, ETC.
Summary, etc. This Information Paper deals with the issues regarding achievement of the UK government's 2050 carbon reduction target for the built environment. Focusing on the case study of the Penrhiwceiber EcoTerrace in Wales, it looks at the arguments against demolishing existing housing stock in favour of building new homes and describes the level of refurbishment that may be required when looking to improve solid wall dwellings constructed prior to 1920. This publication is aimed at housing providers, architects and homeowners who are evaluating the approach that should be taken when looking at either individual improvements or area-based regeneration. It sets out the cost of such measures and looks at a comparison with newbuild costs in the social housing sector, demonstrating that with imagination and commitment the UK's older housing stock can be made fit for the twenty-first century.
521 ## - TARGET AUDIENCE NOTE
Target audience note Advanced
590 ## - LOCAL NOTE (RLIN)
Local note KA
650 24 - SUBJECT ADDED ENTRY--TOPICAL TERM
Topical term or geographic name entry element 2050 carbon reduction target
651 #4 - SUBJECT ADDED ENTRY--GEOGRAPHIC NAME
Geographic name United Kingdom
Chronological subdivision
690 ## - LOCAL SUBJECT ADDED ENTRY--TOPICAL TERM (OCLC, RLIN)
Topical term or geographic name as entry element Environment
9 (RLIN) 6238
690 ## - LOCAL SUBJECT ADDED ENTRY--TOPICAL TERM (OCLC, RLIN)
Topical term or geographic name as entry element ENERGY
9 (RLIN) 6237
942 ## - ADDED ENTRY ELEMENTS (KOHA)
Suppress in OPAC 0
Holdings
Withdrawn status Lost status Source of classification or shelving scheme Damaged status Not for loan Home library Current library Shelving location Date acquired Total Checkouts Full call number Barcode Date last seen Copy number Price effective from Koha item type
    Dewey Decimal Classification     London London BRE publications 25/09/2014   BRE 30075256 06/08/2019 1 06/08/2019 Book